Normal view MARC view

Entry Topical Term

Number of records used in: 4

001 - CONTROL NUMBER

  • control field: 943

003 - CONTROL NUMBER IDENTIFIER

  • control field: OSt

005 - DATE AND TIME OF LATEST TRANSACTION

  • control field: 20211105132205.0

008 - FIXED-LENGTH DATA ELEMENTS

  • fixed length control field: 211105|| aca||aabn | a|a d

040 ## - CATALOGING SOURCE

  • Original cataloging agency: OSt
  • Transcribing agency: OSt

150 ## - HEADING--TOPICAL TERM

  • Topical term or geographic name entry element: Occultations

670 ## - SOURCE DATA FOUND

  • Source citation: Work cat.: (OSt): Her Majesty's Nautical Almanac Office 941, Interpolation tables used in the nautical office for the calculation of the occultations of stars by the moon generally adapted for the Royal observatory greenwich & the Cape of Good, 1896

Powered by Koha